000 00675nam a2200217 a 4500
999 _c6259
_d6259
001 6259
003 BD-JhCC
005 20180120175734.0
008 171107s1979 bg |||| ||a| 000 0 ben d
035 _a(BD-JhCC)6259
040 _aBD-JhCC
_dBD-JhCC
041 _aben
082 _a297
_bHOS 1979
100 _aহোসেন, মনওয়ার
245 _aইসলাম সে তো পরশ মাণিক /
_bমনওয়ার হোসেন
260 _aঢাকা :
_bইসলামিক ফাউন্ডেশন,
_c১৯৭৯.
300 _a৭৬ পৃ. :
_c২২ সেমি.
650 _aIslam
942 _2ddc
_cBK